01015nam a22002417a 4500003000400000005001700004008004100021040004600062050002700108100003100135245012600166260006600292300004400358500007500402504005600477546002000533650004200553650004000595650004800635650002200683700003600705700003200741OSt20260408045256.0260318b |||||||| |||| 00| 0 eng d bEnglish.cCvSU-CCAT Campus Library.erda. aUM TJ 223.T2bA25 2005 aAbiog, Sotero P., author.  aPortable headlight and tachometer tester : ba technical feasibility study / cSotero P. Pabiog, Leonardo H. Langit, Jr.  aRosario, Cavite :bCavite State University-CCAT Campus,c2005 aii, 32 leaves :billustrations ;c28 cm aFeasibility Study (BSIT) -- Cavite State University-CCAT Campus, 2005. aIncludes bibliographical references and appendices. aIn English text 0aTachometer xDesign and construction  0aHeadlights xPortable power supply 0aTechnical Engineering xStudy and teaching  0aFeasibility study aLangit, Leonardo H. Jr., author aAlvarez, Nestor M., adviser